Gilmore Girls (personnages) - Statistiques

Statistiques générales
  • Ce quiz a été pris 896 fois
  • Le résultat moyen est 7 sur 17
Statistiques - réponses
Hint Réponse % Correct
La fille Rory Gilmore
98%
La grand-mère Emily Gilmore
69%
Le grand-père Richard Gilmore
69%
Le propriétaire du restaurant Luke Danes
53%
La mère Lorelei Gilmore
49%
L'amie/ennemie Paris Geller
49%
Le 2eme copain de la fille Jess Mariano
47%
La prof de danse Miss Patty
45%
La chef Sookie St James
44%
La meilleure amie Lane Kim
40%
Le 3eme copain de la fille Logan Huntzberger
33%
Le 1er copain de la fille Dean Forester
29%
La fille du propriétaire du restaurant April Nardini
18%
Le père Christopher Hayden
17%
Le gars bizarre Kirk Gleason
11%
Le grognon Michel Gérard
10%
La voisine Babette Dell
8%
Aucun quiz correspondant
Distribution des résultats
% des personnes avec chaque résultat
Percentile par nombre de réponses
Votre historique - résultats
Vous n’avez pas pris ce quiz